| 000 | 00712nam a2200241 i 4500 | ||
|---|---|---|---|
| 001 | bg | ||
| 100 | 1 | _aKORZENIOWSKA, Aniela | |
| 245 | 1 | 0 |
_aSuccessful Polish-English translation : _btricks of the trade / _cAniela Korzeniowska, Piotr Kuhiwczak. |
| 250 | _a[Wyd.2]. | ||
| 260 |
_aWarszawa : _bWydaw. Naukowe PWN, _c1998. |
||
| 300 |
_a194 s. ; _c21 cm. |
||
| 504 | _aBibliogr. s. 191. - Indeks. | ||
| 650 | 9 |
_aJęzyk polski _xprzekłady angielskie |
|
| 650 | 9 | _aPrzekłady angielskie | |
| 700 | 1 | _aKUHIWCZAK, Piotr | |
| 020 | _a8301125462 | ||
| 040 | _cBPK | ||
| 041 | 0 | _aen | |
| 080 | _a811.162.1:811.111]'25 | ||
| 920 | _a83-01-12546-2 | ||
| 942 | _cKS | ||
| 008 | s pl f |000 0 pol | ||
| 999 |
_c33310 _d33310 |
||